LDR 00949naa#a2200181#i#450# 001 RU\\bibl\121194 005 20260513031833.3 011 ## _a2409-1073 100 ## _a20141121b2014####ek#y0rusy0150####ca 101 0# _aRUS 102 ## _aRU 200 1# _aПроверка качества аудита в России _eЖурнальная статья 210 1# _aМосква _cФедеральное государственное автономное образовательное учреждение высшего образования Национальный исследовательский университет "Московский институт электронной техники" _d2014 215 ## _a8 с. 608 ## _aЖурнальная статья _2local 675 ## _aПроверка отчетности. Аудит. Ревизия. 657.6 _zRUS 700 #1 _aРыбакова _gОльга Михайловна 856 4# _aesgi-journal.ru _u